000 00298pab a2200121 454500
008 180718b xxu||||| |||| 00| 0 eng d
100 _aRodrigues, Aruna
245 _aDerail KRC's plan for coastal route
650 _a Kokan Railways
650 _aRailways
773 _aTimes of India
909 _a21888
999 _c21888
_d21888